|
|
|
|
| LEADER |
00000cam a22000004a 4500 |
| 001 |
musev2_74341 |
| 003 |
MdBmJHUP |
| 005 |
20230905051712.0 |
| 006 |
m o d |
| 007 |
cr||||||||nn|n |
| 008 |
100510s1982 mx o 00 0 spa d |
| 020 |
|
|
|a 9786076282977
|
| 020 |
|
|
|z 9789681201715
|
| 035 |
|
|
|a (OCoLC)1148101435
|
| 040 |
|
|
|a MdBmJHUP
|c MdBmJHUP
|
| 245 |
0 |
0 |
|a Cambio religioso y dominación cultural :
|b el impacto del Islam y del cristianismo sobre otras sociedades /
|c David N. Lorenzen, compilador.
|
| 264 |
|
1 |
|a Mexico, D.F. :
|b Colegio de Mexico,
|c 1982.
|
| 264 |
|
3 |
|a Baltimore, Md. :
|b Project MUSE,
|c 2020
|
| 264 |
|
4 |
|c ©1982.
|
| 300 |
|
|
|a 1 online resource.
|
| 336 |
|
|
|a text
|b txt
|2 rdacontent
|
| 337 |
|
|
|a computer
|b c
|2 rdamedia
|
| 338 |
|
|
|a online resource
|b cr
|2 rdacarrier
|
| 505 |
0 |
|
|a La conversión en la epoca de la dominación musulmana / Nehemia Levtzion -- La islamización en el subcontinente indio / S.A.A. Rizvi -- Formas de islamización en el sudeste indio / A.H. Johns -- Cambios religiosos en la conquista de Mexico / Eva Alexandra Uchmany -- La experiencia filipina bajo el dominio español / Rosario Mendoza Cortes -- Sincretismo religioso en Mexico / William Madsen -- El Kabīr Panth / David N. Lorenzen -- Kabīr, Nānak y el primitivo Sikh Panth / W.H. McLeod -- El Sikh Panth (1500-1850) / J.S. Grewal.
|
| 506 |
0 |
|
|a Open Access
|f Unrestricted online access
|2 star
|
| 588 |
|
|
|a Description based on print version record.
|
| 650 |
|
7 |
|a Religions.
|2 fast
|0 (OCoLC)fst01093898
|
| 650 |
|
7 |
|a Islam
|x Influence.
|2 fast
|0 (OCoLC)fst00979810
|
| 650 |
|
7 |
|a Christianity
|x Influence.
|2 fast
|0 (OCoLC)fst00859619
|
| 650 |
|
7 |
|a RELIGION
|x Christianity
|x History.
|2 bisacsh
|
| 650 |
|
6 |
|a Christianisme
|x Influence
|v Congres.
|
| 650 |
|
6 |
|a Islam
|x Influence
|v Congres.
|
| 650 |
|
6 |
|a Religions
|x Histoire
|v Congres.
|
| 650 |
|
0 |
|a Christianity
|x Influence
|v Congresses.
|
| 650 |
|
0 |
|a Islam
|x Influence
|v Congresses.
|
| 650 |
|
0 |
|a Religions
|x History
|v Congresses.
|
| 655 |
|
7 |
|a History.
|2 fast
|0 (OCoLC)fst01411628
|
| 655 |
|
7 |
|a Conference papers and proceedings.
|2 fast
|0 (OCoLC)fst01423772
|
| 655 |
|
7 |
|a Electronic books.
|2 local
|
| 700 |
1 |
|
|a Lorenzen, David N.
|
| 711 |
2 |
|
|a International Congress of Human Sciences in Asia and North Africa
|n (30th :
|d 1976 :
|c Mexico City, Mexico)
|
| 710 |
2 |
|
|a Project Muse.
|e distributor
|
| 830 |
|
0 |
|a Book collections on Project MUSE.
|
| 856 |
4 |
0 |
|z Texto completo
|u https://projectmuse.uam.elogim.com/book/74341/
|